| 000 | 02907cam a2200481 i 4500 | ||
|---|---|---|---|
| 001 | 200468060 | ||
| 003 | TR-AnTOB | ||
| 005 | 20260413100905.0 | ||
| 007 | ta | ||
| 008 | 260413s1973 enk 000 1 eng | ||
| 010 | _a 93043633 | ||
| 020 |
_a0140016074 _q(paperback) |
||
| 035 | _a(CaAwUCM)29428498-01ucs_ucm | ||
| 035 |
_a(OCoLC)29428498 _z(OCoLC)150815715 _z(OCoLC)731270871 |
||
| 035 | _a(OCoLC)ocm29428498 | ||
| 035 | _a(EXLNZ-01UCS_NETWORK)9912317509706531 | ||
| 035 | _a(TR-AnTOB)200468060 | ||
| 040 |
_aDLC _beng _erda _cDLC _dJBO _dCSP _dNVC _dBAKER _dYDXCP _dOCLCQ _dBTCTA _dOCLCG _dEDX _dVUE _dDEBBG _dCDX _dBGTON _dO2H _dBDX _dOCLCQ _dOCLCO _dZGH _dP4I _dOCLCQ _dOCLCO _dOCLCF _dOCLCO _dQGQ _dTXDRI _dWLU _dOCLCQ _dOCLCO _dTL4 _dOCLCO _dLKC _dYUS _dOCLCO _dSDG _dOCLCO _dOCL _dXTA _dOCLCO _dOCLCA _dOCL _dOCLCO _dYBM _dOCL _dOCLCO _dOCLCL _dOCLCQ _dIG# _dYBM _dOCLCO _dOCLCL _dYBM _dOCLCO _dTR-AnTOB |
||
| 041 | 0 | _aeng | |
| 043 | _an-us-ny | ||
| 050 | 0 | 4 |
_aPS3505.A59 _bA6 1973 |
| 090 |
_aPS3505.A59 _bA6 1973 |
||
| 100 | 1 |
_aCapote, Truman, _d1924-1984 _eauthor _4aut _0http://id.loc.gov/authorities/names/n79104227 _953170 |
|
| 245 | 1 | 0 |
_aBreakfast at Tiffany's / _cTruman Capote. |
| 264 | 1 |
_aHarmondsworth ; _bPenguin Books, _c1973. |
|
| 300 |
_a157 pages ; _c18 cm |
||
| 336 |
_atext _btxt _2rdacontent |
||
| 337 |
_aunmediated _bn _2rdamedia |
||
| 338 |
_avolume _bnc _2rdacarrier |
||
| 505 | 0 | _aBreakfast at Tiffany's -- House of flowers -- A diamond guitar -- A Christmas memory. | |
| 520 | _aHolly Golightly, a naïve, eccentric socialite meets Paul Varjak, a struggling writer who moves into her apartment building. | ||
| 520 | _aHouse of flowers: The story of Ottilie, a young woman from Haiti, whose only power is in deciding which life of submission she will lead, one as a prostitute or one as the wife of Royal Bonaparte, a native from the mountains. | ||
| 520 | _aA diamond guitar: The title refers to the prize possession of a young prison inmate, a rhinestone-studded guitar. The guitar serves as the key image of the story, one of friendship, despair and isolation. | ||
| 520 | _aA Christmas memory is a semi-autobiographical piece about his childhood in rural Alabama with his eccentric, older female cousin, often referred to as his "friend" or "Aunt Sook". The story focuses on their unique bond and their shared experiences during the Christmas season, particularly their tradition of making and sharing fruitcake. | ||
| 610 | 2 | 0 |
_aTiffany and Company _vFiction _9153573 |
| 651 | 0 |
_aNew York (N.Y.) _vFiction _9101083 |
|
| 655 | 7 |
_aShort stories _2lcgft _0http://id.loc.gov/authorities/genreForms/gf2014026542 _9153047 |
|
| 655 | 7 |
_aHumorous fiction _2lcgft _0http://id.loc.gov/authorities/genreForms/gf2014026377 _95235 |
|
| 655 | 7 |
_aChristmas fiction _2lcgft _0http://id.loc.gov/authorities/genreForms/gf2017026011 _9153574 |
|
| 942 |
_2lcc _cBK |
||
| 999 |
_c200468060 _d86272 |
||